Solid edge V.9 (Record no. 184508)

000 -LEADER
fixed length control field 00368nam a2200133Ia 4500
008 - FIXED-LENGTH DATA ELEMENTS--GENERAL INFORMATION
fixed length control field 220217s9999||||xx |||||||||||||| ||und||
020 ## - INTERNATIONAL STANDARD BOOK NUMBER
International Standard Book Number 9788177227529
082 ## - DEWEY DECIMAL CLASSIFICATION NUMBER
Classification number 620.004 TIC
100 ## - MAIN ENTRY--PERSONAL NAME
Personal name Tickoo, Sham and others
9 (RLIN) 8917
245 #0 - TITLE STATEMENT
Title Solid edge V.9
260 ## - PUBLICATION, DISTRIBUTION, ETC.
Place of publication, distribution, etc. Dreamtech publications
Name of publisher, distributor, etc. New Delhi
Date of publication, distribution, etc. 2008
300 ## - PHYSICAL DESCRIPTION
Extent XVI, 6669.
Other physical details 599
650 ## - SUBJECT ADDED ENTRY--TOPICAL TERM
Topical term or geographic name entry element MECHANICHAL
Holdings
Withdrawn status Lost status Damaged status Not for loan Collection code Home library Current library Shelving location Date acquired Full call number Barcode Date last seen Price effective from Koha item type
        Civil Engineering Central Library Central Library Book Cart 02/18/2022 620.004 TIC 19697 02/18/2022 02/18/2022 Books

Powered by Koha